| 000 | 00640nam a2200205 4500 | ||
|---|---|---|---|
| 003 | LK-CoMWRAF | ||
| 005 | 20230908105030.0 | ||
| 008 | 230908b2005 |||||||| |||| 00| 0 eng d | ||
| 020 | _a9068321633 | ||
| 040 |
_aLK-CoMWRAF _dLK-CoMWRAF _eLK-CoMWRAF |
||
| 041 | _aeng | ||
| 082 |
_a950.32 _bDAR |
||
| 100 | _aDarrel, Daan Van | ||
| 245 |
_aCollectors collected : _bExploring dutch colonial culture through the study of batik |
||
| 260 |
_aAmsterdam : _b‎Royal tropical institute, KIT Publishers, _c2005 |
||
| 300 | _a55 p. : ill. (some col.), ports. | ||
| 490 | _aBulletin 369 | ||
| 650 | _aBatik-Netherlands-Amsterdam | ||
| 942 | _cBK | ||
| 999 |
_c3481 _d3481 |
||